000 00720cam a2200253 a 4500
001 7177
003 BD-RjUL
005 20211208234357.0
008 140113s1983 nyu 000 0 eng
020 _a0670703907
035 _a(BD-RjUL)7219
040 _aLC
_beng
_cLC
_dNU
_dBD-RjUL
041 _aeng
082 0 4 _a081
_219
_bTHL 1983
100 1 _aThomas, Lewis,
_d1913-
_922457
245 1 0 _aLate night thoughts on listening to Mahler's Ninth symphony /
_cby Lewis Thomas.
260 _aNew York :
_bViking Press,
_c1983.
300 _avi, 168 p. ;
_c21 cm.
650 0 _aScience
_xPhilosophy.
_922458
650 0 _aBiology
_xPhilosophy.
_93798
942 _2ddc
_cBK
999 _c7177
_d7177